Library Banner

The mechanics of inhaled pharmaceutical aerosols : (Record no. 124865)

MARC details
000 -LEADER
fixed length control field 00549cam a22002055i 4500
001 - CONTROL NUMBER
control field 21051740
005 - DATE AND TIME OF LATEST TRANSACTION
control field 20211209094810.0
008 - FIXED-LENGTH DATA ELEMENTS--GENERAL INFORMATION
fixed length control field 190702s2019 mau 000 0 eng
020 ## - INTERNATIONAL STANDARD BOOK NUMBER
International Standard Book Number 9780081027493
040 ## - CATALOGING SOURCE
Transcribing agency PK-LaUMT
082 ## - DEWEY DECIMAL CLASSIFICATION NUMBER
Classification number 615.6
Item number FIN-M
100 1# - MAIN ENTRY--PERSONAL NAME
Personal name Finlay, Warren
245 14 - TITLE STATEMENT
Title The mechanics of inhaled pharmaceutical aerosols :
Remainder of title an introduction /
Statement of responsibility, etc by Warren Finlay
260 ## - PUBLICATION, DISTRIBUTION, ETC. (IMPRINT)
Place of publication, distribution, etc London :
Name of publisher, distributor, etc Academic Press,
Date of publication, distribution, etc 2019
300 ## - PHYSICAL DESCRIPTION
Extent 290 p.
650 ## - SUBJECT ADDED ENTRY--TOPICAL TERM
Topical term or geographic name as entry element Aerosols
650 ## - SUBJECT ADDED ENTRY--TOPICAL TERM
Topical term or geographic name as entry element Aerosol theraphy
650 ## - SUBJECT ADDED ENTRY--TOPICAL TERM
Topical term or geographic name as entry element Fluid
942 ## - ADDED ENTRY ELEMENTS (KOHA)
Koha item type Books
Holdings
Withdrawn status Lost status Damaged status Home library Current library Date acquired Full call number Barcode Date last seen Price effective from Koha item type Copy number
      UMT Health Sciences Campus UMT Health Sciences Campus 2021-12-09 615.6 FIN-M 140070 2021-12-09 2021-12-09 Books  
      UMT Health Sciences Campus UMT Health Sciences Campus 2021-12-09 615.6 FIN-M 140071 2021-12-09 2021-12-09 Books C.2
      UMT Health Sciences Campus UMT Health Sciences Campus 2021-12-09 615.6 FIN-M 140072 2021-12-09 2021-12-09 Books C.3
      UMT Health Sciences Campus UMT Health Sciences Campus 2021-12-09 615.6 FIN-M 140073 2021-12-09 2021-12-09 Books C.4
      UMT Health Sciences Campus UMT Health Sciences Campus 2021-12-09 615.6 FIN-M 140074 2021-12-09 2021-12-09 Books C.5